Code de commerce. Suivi des lois commerciales, industrielles et ouvrières avec annotations d'après la doctrine et la jurisprudence

Đã lưu trong:
Chi tiết về thư mục
Những tác giả chính: Griolet, Gastón (Tác giả), Vergé, Charles (Tác giả), Bourdeaux, M. Henry (Tác giả)
Định dạng: Sách
Ngôn ngữ:Tiếng Pháp
Được phát hành: París Bureau de la Jurisprudence Générale Dalloz 1909
Phiên bản:8a. ed
Loạt:Petite Collection Dalloz
Những chủ đề:
Các nhãn: Thêm thẻ
Không có thẻ, Là người đầu tiên thẻ bản ghi này!

MARC

LEADER 00000nam a2200000 a 4500
001 UCR4429
003 CL-VaPUC
008 980307e19090000FR |||||||||||||||||fre|d
082 0 4 |a 346.07  |b GRI  |2 21 
100 0 |a Griolet, Gastón  |e author  |9 404500 
700 0 |a Vergé, Charles  |e author  |9 404501 
700 0 |a Bourdeaux, M. Henry  |e author  |9 404502 
245 1 0 |a Code de commerce. Suivi des lois commerciales, industrielles et ouvrières avec annotations d'après la doctrine et la jurisprudence 
250 |a 8a. ed 
300 |a 616 p 
942 |c BK 
945 |d 19980307 00:00:00  |a aolguin 
260 |a París  |b Bureau de la Jurisprudence Générale Dalloz  |c 1909 
650 0 |a Código de comercio   |9 329302 
650 0 |a Comercio  |9 255341 
650 0 |a Industrias   |9 263688 
650 0 |a Sociedades comerciales   |9 257290 
650 7 |a TRANSACCIONES  |2 CL-VaPUC  |9 375998 
650 0 |a Derecho bancario  |9 258094 
650 0 |a Trabajo  |9 313876 
651 0 |a Francia  |9 255157 
583 |a last modification  |c 19980307 00:00:00  |k Rodrigo Vera 
490 0 |a Petite Collection Dalloz 
999 |c 267371  |d 267369 
952 |0 0  |1 0  |4 0  |6 346_070000000000000_GRI_1909  |7 0  |8 X  |9 299653  |a BIBDER  |b BIBDER  |d 2019-11-20  |i 195668K  |o 346.07 GRI 1909  |p 195668K  |r 2023-01-25  |w 2019-11-20  |y BK_X  |k DER